Big 10 Football Stadiums - Statistics

General Stats
  • This quiz has been taken 5 times
  • The average score is 4 of 12
Answer Stats
College Stadium % Correct
Michigan Michigan Stadium
80%
Penn State Beaver Stadium
60%
Wisconsin Camp Randall Stadium
60%
Indiana, Illinois, Nebraska Memorial Stadium
60%
Ohio State Ohio Stadium
60%
Iowa Kinnick Stadium
40%
Northwestern Ryan Field
20%
Rutgers Shi Stadium
20%
Minnesota TCF Bank Stadium
20%
Maryland Maryland Stadium
0%
Purdue Ross Ade Stadium
0%
Michigan State Spartan Stadium
0%
No matching quizzes found
Score Distribution
Percent of People with Each Score
Percentile by Number Answered
Your Score History
You have not taken this quiz